000 00577nam a22001817a 4500
003 OSt
005 20260701103302.0
008 260701b |||||||| |||| 00| 0 eng d
020 _a0 325 00583 4
040 _cChuka University.
100 _aHarvey Stephanie & Anne Goudvis.
_932165
245 _aThe Comprehension Toolkit-Language and Lessons for Active Literacy.
_bTeacher's Guide.
260 _aPortsmouth.
_bFirsthand Heinemann.
_c2005
300 _a44p.
_bIllustrated.
650 _aReading Comprehension.
_927306
650 _aReading (Elementary).
942 _2lcc
_cBK
_n0
999 _c25712
_d25712